Statistics for How all kanto pokemon evolve

Click here to take the quiz!

General Stats

  • This quiz has been taken 25 times
  • The average score is 63 of 72

Answer Stats

PokemonHow it evolvesEvolution% Correct
GrowlitheFire StoneArcanine
100%
EeveeFire StoneFlareon
100%
VulpixFire StoneNinetales
100%
EeveeThunder StoneJolteon
100%
PikachuThunder StoneRaichu
100%
ShellderWater StoneCloyster
100%
PoliwhirlWater StonePoliwrath
100%
EeveeWater StoneVaporeon
100%
StaryuWater StoneStarmie
100%
HaunterTradeGengar
95%
GravelerTradeGolem
95%
MachokeTradeMachamp
95%
KadabraTradeAlakazam
95%
WeepinbellLeaf StoneVictreebel
89%
GloomLeaf StoneVileplume
89%
ExeggcuteLeaf StoneExeggutor
89%
NidorinaMoon StoneNidoqueen
89%
NidorinoMoon StoneNidoking
89%
JigglypuffMoon StoneWigglytuff
89%
ClefairyMoon StoneClefable
89%
BulbasaurLevel 16Ivysaur
84%
AbraLevel 16Kadabra
84%
Nidoran MLevel 16Nidorino
84%
CharamanderLevel 16Charmeleon
84%
SquirtleLevel 16Wartortle
84%
Nidoran FLevel 16Nidorina
84%
PidgeyLevel 18Pidgeotto
84%
SpearowLevel 20Fearow
84%
MagikarpLevel 20Gyarados
84%
RattataLevel 20Raticate
84%
BellsproutLevel 21Weepinbell
84%
OddishLevel 21Gloom
84%
SandshrewLevel 22Sandslash
84%
EkansLevel 22Arbok
84%
ZubatLevel 22Golbat
84%
ParasLevel 24Parasect
84%
PoliwagLevel 25Poliwhirl
84%
GastlyLevel 25Haunter
84%
GeodudeLevel 25Graveler
84%
DrowzeeLevel 26Hypno
84%
DiglettLevel 26Dugtrio
84%
CuboneLevel 28Marowak
84%
MachopLevel 28Machoke
84%
KrabbyLevel 28Kingler
84%
MankeyLevel 28Primeape
84%
MeowthLevel 28Persian
84%
DratiniLevel 30Dragonair
84%
VoltorbLevel 30Electrode
84%
MagnemiteLevel 30Magneton
84%
TentacoolLevel 30Tentacruel
84%
VenonatLevel 31Venomoth
84%
DoduoLevel 31Dodrio
84%
IvysaurLevel 32Venusaur
84%
HorseaLevel 32Seadra
84%
GoldeenLevel 33Seaking
84%
PsyduckLevel 33Golduck
84%
SeelLevel 34Dewgong
84%
KoffingLevel 35Weezing
84%
CharmeleonLevel 36Charizard
84%
WartortleLevel 36Blastoise
84%
PidgeottoLevel 36Pidgeot
84%
SlowpokeLevel 37Slowbro
84%
GrimerLevel 38Muk
84%
OmanyteLevel 40Omastar
84%
PonytaLevel 40Rapidash
84%
KabutoLevel 40Kabutops
84%
RhyhornLevel 42Rhydon
84%
CaterpieLevel 7Metapod
84%
WeedleLevel 7Kakuna
84%
KakunaLevel 10Beedrill
79%
MetapodLevel 10Butterfree
79%
DragonairLevel 55Dragonite
79%

Score Distribution

Percentile by Number Answered

Percent of People with Each Score

Your Score History

You have not taken this quiz